Whilstling past the graveyard isn't enough (Record no. 71748)

MARC details
000 -LEADER
fixed length control field 00891cam a2200217 4500
001 - CONTROL NUMBER
control field X120737
008 - FIXED-LENGTH DATA ELEMENTS--GENERAL INFORMATION
fixed length control field 021211n2002 000 0 eng u
035 ## - SYSTEM CONTROL NUMBER
System control number (Sirsi) u120737
245 ## - TITLE STATEMENT
Title Whilstling past the graveyard isn't enough
260 ## - PUBLICATION, DISTRIBUTION, ETC.
Date of publication, distribution, etc. 2002
490 ## - SERIES STATEMENT
Series statement Art Antiquity and Law
Volume/sequential designation 7(3) September 2002, 207-230(24)
520 ## - SUMMARY, ETC.
Summary, etc. Discusses the background to the "United States v Portrait of Wally" case in which a US federal court ruled that the United States may seek to confiscate a painting loaned to New York from the Leopold Museum in Austria on the grounds that the museum allegedly knew that it was stolen Nazi looted property.
650 ## - SUBJECT ADDED ENTRY--TOPICAL TERM
Topical term or geographic name entry element UNITED STATES
650 ## - SUBJECT ADDED ENTRY--TOPICAL TERM
Topical term or geographic name entry element STOLEN WORKS OF ART
650 ## - SUBJECT ADDED ENTRY--TOPICAL TERM
Topical term or geographic name entry element PAINTING
650 ## - SUBJECT ADDED ENTRY--TOPICAL TERM
Topical term or geographic name entry element PORTRAIT OF WALLY
650 ## - SUBJECT ADDED ENTRY--TOPICAL TERM
Topical term or geographic name entry element TIME-BARRED
650 ## - SUBJECT ADDED ENTRY--TOPICAL TERM
Topical term or geographic name entry element NATIONAL STOLEN PROPERTY ACT
690 ## - LOCAL SUBJECT ADDED ENTRY--TOPICAL TERM (OCLC, RLIN)
Topical term or geographic name as entry element Arts and antiques
9 (RLIN) 6217
942 ## - ADDED ENTRY ELEMENTS (KOHA)
Suppress in OPAC 0
Holdings
Withdrawn status Lost status Source of classification or shelving scheme Damaged status Not for loan Home library Current library Shelving location Date acquired Total Checkouts Full call number Barcode Date last seen Copy number Price effective from Koha item type
    Dewey Decimal Classification     London London Journals 11/12/2002   X120737 120737-1001 06/08/2019 1 06/08/2019 Journal article